| 000 | 00668nam a2200241 a 4500 | ||
|---|---|---|---|
| 001 | nice12345678 | ||
| 003 | IN_TiNIC | ||
| 005 | 20260116013114.0 | ||
| 008 | 050524s1988 loua grp 000 0 eng | ||
| 020 |
_a066419X _c874 |
||
| 082 | 0 | 0 |
_a230.082 _bRUS |
| 100 | _aRussel, Letty M | ||
| 245 |
_aInheriting Our Mothers Gardens _b Feminist Theology in Third World Perspectiv |
||
| 260 |
_aLouisville _bWestminister Press _c1988 |
||
| 300 | _a181p | ||
| 500 | _aincludes index and biblioraphy | ||
| 505 | 2 | _aAnnotated bibliography | |
| 650 | _aWomen-Christian Theology | ||
| 700 | 1 | _aRussel, Letty M | |
| 902 | _bSRS | ||
| 942 | _cBK | ||
| 999 |
_c9667 _d9667 |
||